Lịch sử văn học Việt Nam Tập 1

Vị trí, vai trò của lịch sử văn học Việt Nam trong lịch sử văn hoá Việt Nam và lịch sử dân tộc Việt Nam. Sự đóng góp của văn học trong việc giữ gìn, vun đáp, làm giàu thêm vốn văn hoá của dân tộc

محفوظ في:
التفاصيل البيبلوغرافية
المؤلف الرئيسي: Đặng Việt Ngoạn
التنسيق: كتاب
اللغة:Vietnamese
منشور في: H. Khoa học xã hội 1980
الموضوعات:
الوسوم: إضافة وسم
لا توجد وسوم, كن أول من يضع وسما على هذه التسجيلة!
Thư viện lưu trữ: Mạng thư viện Đại học Đà Nẵng
LEADER 01463nam a2200373 4500
001 000004011
003 139
005 20121211001237.0
008 110714s1980 viesd
020 |c 13000 
041 0 |a vie 
082 |a 895.922  |b LIC 
100 0 |a Đặng Việt Ngoạn 
245 1 0 |a Lịch sử văn học Việt Nam  |c Đặng Việt Ngoạn  |n Tập 1 
260 |a H.  |b Khoa học xã hội  |c 1980 
300 |a 399 tr.  |c 24 cm 
500 |a ĐTTS ghi: Uỷ ban khoa học xã hội Việt Nam 
520 |a Vị trí, vai trò của lịch sử văn học Việt Nam trong lịch sử văn hoá Việt Nam và lịch sử dân tộc Việt Nam. Sự đóng góp của văn học trong việc giữ gìn, vun đáp, làm giàu thêm vốn văn hoá của dân tộc 
653 |a Văn học 
653 |a Văn hóa 
653 |a Lịch sử 
653 |a Việt Nam 
773 |t Lịch sử văn học Việt Nam  |w 137 
910 |a Tăng Thị Thu Sương  |d 13/7/2011 
OWN |a LSP 
AVA |a UDN50  |b LSP  |d 895.922 LIC  |e unavailable  |t Error 5002 Not defined in file expand_doc_bib_avail.  |f 3  |g 3  |h N  |i 0  |k 1 
999 |a From the UDN01 
AVA |a UDN50  |b LSP  |d 895.922 LIC  |e unavailable  |t Error 5002 Not defined in file expand_doc_bib_avail.  |f 3  |g 3  |h N  |i 0  |k 1 
TYP |a Monograph 
TYP |a Printed language 
980 |a Mạng thư viện Đại học Đà Nẵng